[Event "Asian-ch Seniors 50 zt 3.4"]
[Site "Chess.com INT"]
[Date "2020.07.16"]
[Round "7.8"]
[White "Ankudinova, Elena"]
[Black "Mansurov, Farkhat"]
[Result "1-0"]
[WhiteElo "1989"]
[BlackElo "1817"]
[PlyCount "115"]
[EventDate "2020.07.16"]
[EventType "swiss"]
[EventRounds "7"]
[EventCountry "UZB"]
[SourceTitle "EXT 2024"]
[Source "ChessBase"]
[SourceDate "2023.10.10"]
[SourceVersion "1"]
[SourceVersionDate "2023.10.10"]
[SourceQuality "1"]

1. c4 e5 2. Nc3 Nc6 3. Nf3 Nf6 4. d4 exd4 5. Nxd4 d6 6. g3 Be7 7. Bg2 Bd7 8. 0-0 0-0 9. e4 Nxd4 10. Qxd4 Bc6 11. h3 h6 12. Be3 Re8 13. Rad1 Nd7 14. Qd2 Ne5 15. b3 Bf6 16. Nd5 Bxd5 17. cxd5 a6 18. Rc1 Qd7 19. Rc2 Rec8 20. f4 Ng6 21. h4 c5 22. dxc6 Rxc6 23. Rxc6 bxc6 24. Rd1 Be7 25. Kh2 Qc7 26. Rc1 Rc8 27. Bh3 Rb8 28. Qc3 c5 29. Bf1 Qb6 30. Bc4 Nf8 31. Qd3 a5 32. a4 Qb7 33. Bd2 Qc7 34. Bc3 Ne6 35. Qd2 Ra8 36. h5 Ra7 37. Qe2 Nd4 38. Bxd4 cxd4 39. Bxf7+ Kxf7 40. Rxc7 Rxc7 41. Qd2 Bf6 42. Qxa5 Rc2+ 43. Kh3 Rc3 44. Qd5+ Ke7 45. e5 dxe5 46. fxe5 Bg5 47. Qd6+ Ke8 48. Qxd4 Rxb3 49. e6 Rb7 50. a5 Bf6 51. Qe4 Rc7 52. a6 Ke7 53. Qd5 Ke8 54. Qa5 Rc8 55. a7 Bd8 56. Qb5+ Kf8 57. Qd7 Ra8 58. Qf7# 1-0

[Event "Asian-ch Seniors 50 zt 3.4"]
[Site "Chess.com INT"]
[Date "2020.07.16"]
[Round "1.1"]
[White "Iuldachev, Saidali"]
[Black "Mansurov, Farkhat"]
[Result "1-0"]
[WhiteElo "2514"]
[BlackElo "1817"]
[PlyCount "57"]
[EventDate "2020.07.16"]
[EventType "swiss"]
[EventRounds "7"]
[EventCountry "UZB"]
[SourceTitle "EXT 2024"]
[Source "ChessBase"]
[SourceDate "2023.10.10"]
[SourceVersion "1"]
[SourceVersionDate "2023.10.10"]
[SourceQuality "1"]

1. e4 Nf6 2. e5 Nd5 3. d4 d6 4. c4 Nb6 5. exd6 exd6 6. Nc3 g6 7. h3 Bg7 8. Nf3 0-0 9. Be3 Nc6 10. Rc1 Re8 11. d5 Ne5 12. Nxe5 Bxe5 13. Be2 f5 14. 0-0 Qe7 15. Qd2 Bxc3 16. Qxc3 f4 17. Bxf4 Bf5 18. Bf3 Qg7 19. Qxg7+ Kxg7 20. c5 dxc5 21. Rxc5 Rac8 22. Rfc1 Na8 23. Bxc7 Nb6 24. d6 Be4 25. Bxb6 Rc6 26. Rxc6 Bxc6 27. Bxc6 bxc6 28. d7 Re2 29. d8Q 1-0

[Event "Asian-ch Seniors 50 zt 3.4"]
[Site "Chess.com INT"]
[Date "2020.07.16"]
[Round "4.6"]
[White "Mansurov, Farkhat"]
[Black "Ilanbekova, Nurgul"]
[Result "1-0"]
[WhiteElo "1817"]
[BlackElo "1694"]
[PlyCount "123"]
[EventDate "2020.07.16"]
[EventType "swiss"]
[EventRounds "7"]
[EventCountry "UZB"]
[SourceTitle "EXT 2024"]
[Source "ChessBase"]
[SourceDate "2023.10.10"]
[SourceVersion "1"]
[SourceVersionDate "2023.10.10"]
[SourceQuality "1"]

1. d4 Nf6 2. Bf4 c5 3. e3 cxd4 4. exd4 d5 5. Nf3 Nc6 6. c3 Bf5 7. Bd3 Bxd3 8. Qxd3 Nh5 9. Bg3 e6 10. Nbd2 Be7 11. 0-0 Nxg3 12. hxg3 0-0 13. Rfe1 Qc7 14. Rac1 a6 15. a3 b5 16. b4 h6 17. Nb3 Nb8 18. Ne5 Bd6 19. f4 Nd7 20. Nc5 Bxe5 21. fxe5 Nb6 22. Ra1 Nc4 23. a4 bxa4 24. Nxa4 a5 25. b5 Qa7 26. Kh2 Rfd8 27. Reb1 Rdb8 28. Rb3 Qc7 29. Rab1 Rb7 30. Nc5 Nxe5 31. Qe2 Nc4 32. Nxb7 Qxb7 33. b6 a4 34. Rb5 Na3 35. Qb2 Nxb1 36. Qxb1 Ra6 37. Qb4 a3 38. Ra5 Qxb6 39. Qxb6 Rxb6 40. Rxa3 h5 41. Kh3 Rb2 42. Ra8+ Kh7 43. Rc8 Rc2 44. Rc7 Kg6 45. Rc6 Kf5 46. Rc7 Kf6 47. Kh2 g5 48. Kh3 g4+ 49. Kh2 Rc1 50. Rc8 Kf5 51. Rc7 f6 52. Rc8 e5 53. dxe5 fxe5 54. Rh8 d4 55. Rxh5+ Ke4 56. cxd4 exd4 57. Rg5 d3 58. Rxg4+ Ke3 59. Rg7 d2 60. Re7+ Kd3 61. Rd7+ Kc2 62. g4 1-0

[Event "Asian-ch Seniors 50 zt 3.4"]
[Site "Chess.com INT"]
[Date "2020.07.16"]
[Round "2.8"]
[White "Mansurov, Farkhat"]
[Black "Kozhamberdiev, Maratbek"]
[Result "0-1"]
[WhiteElo "1817"]
[BlackElo "1657"]
[PlyCount "98"]
[EventDate "2020.07.16"]
[EventType "swiss"]
[EventRounds "7"]
[EventCountry "UZB"]
[SourceTitle "EXT 2024"]
[Source "ChessBase"]
[SourceDate "2023.10.10"]
[SourceVersion "1"]
[SourceVersionDate "2023.10.10"]
[SourceQuality "1"]

1. d4 Nf6 2. Bf4 d5 3. e3 c6 4. Nf3 Bg4 5. Bd3 e6 6. Nbd2 Bd6 7. h3 Bh5 8. Bxd6 Qxd6 9. g4 Bg6 10. Qe2 Nbd7 11. c3 b5 12. e4 dxe4 13. Nxe4 Nxe4 14. Bxe4 0-0 15. 0-0-0 Bxe4 16. Qxe4 Qd5 17. Qxd5 cxd5 18. Ne5 Nb6 19. b3 a5 20. Kb2 Rfc8 21. Nd3 Nd7 22. Ne5 Nf6 23. f3 Rc7 24. Rc1 Rac8 25. Rh2 Ne8 26. Nd3 Nd6 27. Rhc2 Nb7 28. h4 Kf8 29. g5 Ke7 30. Ne5 Nd6 31. Nd3 Nf5 32. h5 Ng3 33. h6 g6 34. Ne5 Nf5 35. Ng4 Rh8 36. Nf6 Nd6 37. Re1 Kd8 38. Rce2 Ne8 39. Ng4 Nd6 40. Rc1 Ke7 41. Nf6 Kd8 42. Ng4 Ne8 43. Ne3 Nd6 44. Rec2 Ke7 45. c4 dxc4 46. bxc4 bxc4 47. Nxc4 Rb8+ 48. Ka3 Nb5+ 49. Ka4 Nxd4 0-1

[Event "Asian-ch Seniors 50 zt 3.4"]
[Site "Chess.com INT"]
[Date "2020.07.16"]
[Round "3.10"]
[White "Tusupbekov, Nurlan"]
[Black "Mansurov, Farkhat"]
[Result "0-1"]
[WhiteElo "1496"]
[BlackElo "1817"]
[PlyCount "76"]
[EventDate "2020.07.16"]
[EventType "swiss"]
[EventRounds "7"]
[EventCountry "UZB"]
[SourceTitle "EXT 2024"]
[Source "ChessBase"]
[SourceDate "2023.10.10"]
[SourceVersion "1"]
[SourceVersionDate "2023.10.10"]
[SourceQuality "1"]

1. d4 d5 2. c4 c6 3. Nc3 Nf6 4. Nf3 a6 5. g3 Bf5 6. cxd5 Nxd5 7. Qb3 b5 8. Ne5 Be6 9. Qc2 f6 10. Nf3 Nd7 11. e4 Nxc3 12. bxc3 Nb6 13. Bg2 Bc4 14. Nd2 Kf7 15. Nxc4 bxc4 16. 0-0 e6 17. Rb1 Be7 18. e5 Nd5 19. exf6 Bxf6 20. Qe2 Nxc3 21. Qc2 Nxb1 22. Qxb1 Rc8 23. Be3 Bxd4 24. Rd1 c5 25. Qb7+ Qc7 26. Qf3+ Bf6 27. Qh5+ g6 28. Qf3 Rhf8 29. Bh6 Rfd8 30. Re1 Rd3 31. Qe4 Qd6 32. Bf3 Qd5 33. Qxd5 exd5 34. Bg4 Re8 35. Rb1 c3 36. Rb7+ Re7 37. Rb8 Bg7 38. Bg5 c2 0-1